Marshallese Islands - Sudden Death - Statistics

General Stats
  • This quiz has been taken 69 times
  • The average score is 10 of 34
Answers on the Grid
Answers color-coded by a green-red scale on the quiz's grid according to % correct below.
Ujelang
Enewetok
Bikini
Ailinginae
Wotho
Ujae
Rongelap
Rongerik
Lae
Kwajalein
Lib
Namu
Jabwot
Ailinglapalap
Jaluit
Kili
Namorik
Ebon
Bokak
Bikar
Utirik
Taka
Ailuk
Jemo
Mejit
Likiep
Wotje
Erikub
Maloelap
Aur
Majuro
Arno
Mili
Knox
Ralik
Ratak
Manus
Weno
Pohnpei
Tol
Kosrae
Yap
Nauru
Babeldaob
Koror
Kiritimati
Banaba
Efate
Upolu
Viti Levu
Savai'i
Norfolk
Lord Howe
Stewart
Chatham
Niue
Tokelau
Wallis
Futuna
Guadalcanal
 
Answer Stats
Answer % Correct
Bikini
64%
Majuro
55%
Enewetok
45%
Ailinginae
36%
Bokak
36%
Ebon
36%
Kili
36%
Kwajalein
36%
Rongelap
36%
Ujae
36%
Utirik
36%
Wotje
36%
Ailinglapalap
27%
Ailuk
27%
Arno
27%
Aur
27%
Erikub
27%
Jaluit
27%
Lae
27%
Lib
27%
Maloelap
27%
Mejit
27%
Mili
27%
Namu
27%
Rongerik
27%
Ujelang
27%
Wotho
27%
Bikar
18%
Jabwot
18%
Jemo
18%
Knox
18%
Likiep
18%
Namorik
18%
Taka
18%
No matching quizzes found
Score Distribution
Percent of People with Each Score
Percentile by Number Answered
Your Score History
You have not taken this quiz